Acute medicine pocketbook : (Record no. 115272)

MARC details
000 -LEADER
fixed length control field 00704nam a2200229 a 4500
008 - FIXED-LENGTH DATA ELEMENTS--GENERAL INFORMATION
fixed length control field
020 ## - INTERNATIONAL STANDARD BOOK NUMBER
International Standard Book Number 0443071780(pbk.)
049 ## - LOCAL HOLDINGS (OCLC)
Holding library MAIN
090 ## - LOCALLY ASSIGNED LC-TYPE CALL NUMBER (OCLC); LOCAL CALL NUMBER (RLIN)
Classification number (OCLC) (R) ; Classification number, CALL (RLIN) (NR) RC86.8 ACU
003 - CONTROL NUMBER IDENTIFIER
control field
005 - DATE AND TIME OF LATEST TRANSACTION
control field 20230120204009.0
040 ## - CATALOGING SOURCE
Transcribing agency NUST
245 10 - TITLE STATEMENT
Title Acute medicine pocketbook :
Remainder of title evidence-based on call,
Statement of responsibility, etc. edited by Christopher M. Ball and Robert S. Phillips.
260 ## - PUBLICATION, DISTRIBUTION, ETC.
Place of publication, distribution, etc. Edinburgh :
Name of publisher, distributor, etc. Churchill livingstone,
Date of publication, distribution, etc. 2002.
300 ## - PHYSICAL DESCRIPTION
Extent xii, 203 p. :
Other physical details ill. ;
Dimensions 19 cm.
500 ## - GENERAL NOTE
General note Includes index.
500 ## - GENERAL NOTE
General note Acute medicine.
700 ## - ADDED ENTRY--PERSONAL NAME
Personal name Phillips, Robert S.
700 ## - ADDED ENTRY--PERSONAL NAME
Personal name Ball, Christopher M.
907 ## - LOCAL DATA ELEMENT G, LDG (RLIN)
a .b10258930
b 26-01-15
c 09-12-08
942 ## - ADDED ENTRY ELEMENTS (KOHA)
Koha item type Ordinary Loan Books
Call number prefix RC86.8 ACU
Holdings
Date last seen Total Checkouts Full call number Barcode Cost, replacement price Price effective from Koha item type Lost status Source of classification or shelving scheme Damaged status Not for loan Collection Withdrawn status Home library Current library Shelving location Date acquired Cost, normal purchase price
01/20/2023   RC86.8 ACU 92004009819 80.00 01/20/2023 BOOKS   lcc     NFIC   Medical Medical GEN 01/20/2023 80.00